Đánh giá mức độ ô nhiễm của rạch Cái Khế do chợ Cái Khế gây ra : Luận văn tốt nghiệp Đại học
Đề tài đánh giá mức độ ô nhiễm của rạch Cái Khế do chợ Cái Khế gây ra. Phân tich các chỉ tiêu : pH, độ đục,...
Saved in:
| Main Author: | |
|---|---|
| Format: | Book |
| Language: | Undetermined |
| Published: |
Cần Thơ
Trường Đại học Cần Thơ
2004
|
| Subjects: | |
| Tags: |
Add Tag
No Tags, Be the first to tag this record!
|
| Institutions: | Trung tâm Học liệu Trường Đại học Cần Thơ |
|---|
| LEADER | 01012nam a2200229Ia 4500 | ||
|---|---|---|---|
| 001 | CTU_143682 | ||
| 008 | 210402s9999 xx 000 0 und d | ||
| 082 | |a 363.739 | ||
| 082 | |b Ng121 | ||
| 088 | |a 1000753 | ||
| 100 | |a Lâm, Thị Kim Ngân | ||
| 245 | 0 | |a Đánh giá mức độ ô nhiễm của rạch Cái Khế do chợ Cái Khế gây ra : | |
| 245 | 0 | |b Luận văn tốt nghiệp Đại học | |
| 245 | 0 | |c Lâm Thị Kim Ngân; Nguyễn Võ Châu Ngân, Kim Lavane (Giáo viên hướng dẫn) | |
| 260 | |a Cần Thơ | ||
| 260 | |b Trường Đại học Cần Thơ | ||
| 260 | |c 2004 | ||
| 520 | |a Đề tài đánh giá mức độ ô nhiễm của rạch Cái Khế do chợ Cái Khế gây ra. Phân tich các chỉ tiêu : pH, độ đục,... | ||
| 650 | |a Water,Wastewaters,Nước | ||
| 650 | |x Pollution,Sự ô nhiễm | ||
| 904 | |i Năm | ||
| 980 | |a Trung tâm Học liệu Trường Đại học Cần Thơ | ||